[Event "DRUZYNOWE MISTRZOSTWA POLSKI - II LIGA 2018"]
[Site "Jastrzebia Gora"]
[Date "1899-12-30"]
[Round "3.63"]
[White "Markiewicz, Jerzy"]
[Black "Mika, Tomasz"]
[Result "0-1"]
[WhiteTitle "FM"]
[BlackTitle "I++"]
[WhiteElo "2170"]
[BlackElo "2141"]

1. e4 c5 2. Nf3 d6 3. d4 cxd4 4. Nxd4 Nf6 5. Nc3 Nc6 6. Bc4 Qb6 7. Nb3 e6 8. Bf4
Ne5 9. Be2 Bd7 10. Be3 Qc7 11. Nb5 Bxb5 12. Bxb5+ Nc6 13. Nd2 Be7 14. f4 O-O 15.
O-O Rac8 16. c3 Rfd8 17. Qf3 d5 18. e5 Nd7 19. Nb3 g6 20. Qf2 a6 21. Bd3 Na5 22.
Nxa5 Qxa5 23. Bd4 Nc5 24. Bc2 Ne4 25. Bxe4 dxe4 26. Rfe1 Qd5 27. a3 Rc4 28. Qe3
Bc5 29. Bxc5 Rxc5 30. Qxe4 Qxe4 31. Rxe4 Rd2 32. Rb1 Rb5 33. b4 Rbd5 34. Rbe1
Ra2 35. Rd4 Rxd4 36. cxd4 Rxa3 37. Rc1 Rb3 38. d5 exd5 39. Rc8+ Kg7 40. Rc7 Rxb4
41. e6 Rxf4 42. Rxb7 Rf6 43. e7 Re6 44. Ra7 Kf6 45. Rxa6 Kxe7 46. Ra5 0-1

[Event "DRUZYNOWE MISTRZOSTWA POLSKI - II LIGA 2018"]
[Site "Jastrzebia Gora"]
[Date "1899-12-30"]
[Round "3.64"]
[White "Walentukiewicz, Michal"]
[Black "Augustyn, Sebastian"]
[Result "1-0"]
[WhiteTitle "CM"]
[BlackTitle "k"]
[WhiteElo "2064"]
[BlackElo "2173"]

1. e4 c5 2. Nc3 Nc6 3. g3 g6 4. Bg2 Bg7 5. d3 Rb8 6. Be3 b5 7. Qd2 d6 8. Nd1 b4
9. Ne2 Nd4 10. h3 e6 11. Nc1 Qb6 12. O-O Ne7 13. c3 bxc3 14. bxc3 Ndc6 15. Bh6
O-O 16. Bxg7 Kxg7 17. Ne3 Ba6 18. Nb3 Ne5 19. c4 Qb4 20. Qb2 f6 21. Rad1 N5c6
22. Qa1 e5 23. Rb1 Qa4 24. Rb2 Rb6 25. f4 Rbb8 26. Rbf2 Nd4 27. fxe5 fxe5 28.
Nxd4 cxd4 29. Ng4 Ng8 30. Rxf8 Rxf8 31. Rxf8 Kxf8 32. Qb1 Qd7 33. Qb8+ Bc8 34.
c5 h5 35. Nf2 dxc5 36. Qxe5 Qb5 37. Qd6+ Ne7 38. e5 Qb1+ 39. Kh2 Bf5 40. Qf6+
Ke8 41. e6 Bxe6 42. Qxe6 Qb6 43. Qe5 Kf7 44. Ne4 Nf5 45. Ng5+ Kf8 46. Ne6+ Kg8
47. Nxc5 Ne3 48. Qxd4 Nxg2 49. Kxg2 Qc6+ 50. Ne4 Qc2+ 51. Qf2 Qxd3 52. Nd2 Qd5+
53. Nf3 a5 54. Qd2 Qe4 55. h4 a4 56. Qb2 g5 57. hxg5 h4 58. gxh4 Kh7 59. Kf2 Kg6
60. Qe2 Qb4 61. Qe8+ Kf5 62. Qe5+ Kg6 63. Qe6+ Kh5 64. Qf7+ Kg4 65. Ne5+ Kxh4
66. Qc4+ Qxc4 67. Nxc4 Kxg5 68. Ke3 Kf5 69. Kd4 1-0

[Event "DRUZYNOWE MISTRZOSTWA POLSKI - II LIGA 2018"]
[Site "Jastrzebia Gora"]
[Date "1899-12-30"]
[Round "3.65"]
[White "Czarnecki, Wojciech"]
[Black "Sondej, Dominik"]
[Result "1-0"]
[WhiteTitle "k"]
[BlackTitle "I"]
[WhiteElo "1971"]
[BlackElo "1875"]

1. c4 Nf6 2. Nc3 g6 3. g3 Bg7 4. Bg2 O-O 5. d3 e5 6. Bd2 d6 7. Qc1 Nc6 8. Bg5 Nd4
9. Nd5 c6 10. Nxf6+ Bxf6 11. Bxf6 Qxf6 12. Nf3 Bg4 13. Nxd4 exd4 14. h3 Be6 15.
Qh6 Rad8 16. Bf3 d5 17. c5 b6 18. Rc1 Rb8 19. b3 Rfc8 20. h4 bxc5 21. Rxc5 Rb5
22. Qc1 Bd7 23. Rxb5 cxb5 24. Qa3 Qc6 25. O-O Rc7 26. Kg2 h5 27. Qb4 Qc5 28. Qxc5
Rxc5 29. b4 Rc2 30. Bxd5 Rxe2 31. Rc1 Be6 32. Bxe6 Rxe6 33. Rc5 a6 34. Kf3 Kg7
35. Rd5 Rc6 36. a4 bxa4 37. Ra5 Rc3 38. Ke4 Rb3 39. Rxa4 Rb2 40. f4 Rg2 41. Rxa6
Rxg3 42. b5 Rg1 43. Kxd4 Rb1 44. Kc5 Rc1+ 45. Kd5 Rb1 46. b6 Kf6 47. b7+ Kf5 48.
Kc6 Rxb7 49. Kxb7 Kxf4 50. Ra4+ Ke5 51. Kc6 Kd5+ 52. Kxd5 1-0

[Event "DRUZYNOWE MISTRZOSTWA POLSKI - II LIGA 2018"]
[Site "Jastrzebia Gora"]
[Date "1899-12-30"]
[Round "3.66"]
[White "Cyboran, Katarzyna"]
[Black "Mirowska, Oliwia"]
[Result "0-1"]
[WhiteTitle "I++"]
[BlackTitle "I++"]
[WhiteElo "1825"]
[BlackElo "1503"]

1. e4 d6 2. d4 Nf6 3. Nc3 e5 4. Nge2 Nbd7 5. g3 Be7 6. Bg2 c6 7. a4 b6 8. O-O Bb7
9. h3 O-O 10. g4 Ba6 11. f4 exf4 12. Rxf4 Rc8 13. Ng3 Ne8 14. a5 bxa5 15. Rf5
c5 16. Nd5 Bh4 17. Ra3 cxd4 18. Rxa5 Nc5 19. Bd2 Bxg3 20. b4 Bb7 21. bxc5 dxc5
22. Rxa7 Bxd5 23. Rxd5 Qb6 24. Ra3 Bb8 25. Ba5 Qe6 26. Rf5 Nd6 27. Rf1 Nc4 28.
Ra1 Ne3 29. Qe2 Nxf1 30. Rxf1 Qe5 31. Rf5 Qh2+ 32. Kf1 c4 33. Be1 Qd6 34. Rf3
Qb6 35. Bf2 Qb1+ 36. Be1 Rfd8 37. c3 d3 38. Qd2 Rc5 0-1

[Event "DRUZYNOWE MISTRZOSTWA POLSKI - II LIGA 2018"]
[Site "Jastrzebia Gora"]
[Date "1899-12-30"]
[Round "3.67"]
[White "Cichocki, Adam"]
[Black "Borgula, Rafal"]
[Result "1/2-1/2"]
[WhiteTitle "FM"]
[BlackTitle "FM"]
[WhiteElo "2305"]
[BlackElo "2243"]

1. d4 d5 2. c4 e6 3. Nf3 Nf6 4. g3 c5 5. cxd5 exd5 6. Bg2 Nc6 7. O-O cxd4 8. Nxd4
Be7 9. Nc3 O-O 10. Be3 Be6 11. Rc1 Qd7 12. Nxc6 bxc6 13. Na4 Rfc8 14. Bc5 Bd8
15. Bd4 Qe8 16. Nc5 Bf5 17. Qd2 Ne4 18. Qf4 Nxc5 19. Qxf5 Ne6 20. Be5 Bc7 21.
Rc2 g6 22. Qf6 Bxe5 23. Qxe5 Qd7 24. Rfc1 Rab8 25. h4 Rb5 26. h5 gxh5 27. Qxh5
Qd6 28. Qh6 Rb6 29. Qf6 Rd8 30. Bh3 Nf8 31. Qg5+ Ng6 32. Rxc6 Rxc6 33. Rxc6 Qxc6
34. Qxd8+ Kg7 35. Qc8 Qa4 36. Qc3+ d4 37. Qd2 Qxa2 38. Qxd4+ f6 39. f4 Qa5 40.
Kf2 Ne7 41. Qd6 Ng6 42. Bc8 Qh5 43. Qd7+ Kf8 44. Bb7 Qc5+ 45. Kg2 Ne7 46. Bf3
Qb6 47. Qb7 Qd4 48. Qe4 Qxb2 49. Qxh7 Qd4 50. Bh5 Qd5+ 51. e4 Qa2+ 52. Kh3 Qe6+
53. Bg4 Qa6 54. Kh4 Qa2 55. Qh6+ Kf7 56. Bh5+ Ke6 57. f5+ Kd7 58. Qxf6 Qh2+ 59.
Kg4 Qe2+ 60. Kf4 1/2-1/2

[Event "DRUZYNOWE MISTRZOSTWA POLSKI - II LIGA 2018"]
[Site "Jastrzebia Gora"]
[Date "1899-12-30"]
[Round "3.68"]
[White "Robak, Zbigniew"]
[Black "Helis, Tadeusz"]
[Result "1/2-1/2"]
[WhiteTitle "m"]
[BlackTitle "FM"]
[WhiteElo "2216"]
[BlackElo "2182"]

1. e4 c5 2. Nf3 e6 3. d4 cxd4 4. Nxd4 a6 5. Nc3 Qc7 6. Bd3 Nc6 7. Be3 Nf6 8. O-O
Ne5 9. h3 Bc5 10. Na4 Ba7 11. c4 d6 12. Rc1 O-O 13. b3 Nxd3 14. Qxd3 e5 15. Ne2
Bxe3 16. Qxe3 Be6 17. Rfd1 Rab8 18. Rd3 Nd7 19. c5 dxc5 20. Nxc5 Nxc5 21. Rxc5
Qe7 22. Rxe5 Rbd8 23. Nd4 Qd6 24. Rg5 g6 25. Rg3 Rfe8 26. Qd2 Qe5 27. Nxe6 Rxd3
28. Rxd3 Qxe6 29. f3 h5 30. Rd7 Re7 31. Rd8+ Re8 32. Rd7 Re7 33. Rd6 Qe5 34. Qd4
Qxd4+ 35. Rxd4 Rc7 36. Rb4 Kg7 37. h4 b5 38. a4 Rc5 39. Rd4 bxa4 40. Rxa4 a5 41.
b4 axb4 42. Rxb4 Rc2 43. Rb6 Re2 44. Rd6 Kf8 45. Kf1 Ra2 46. Rd1 Ke7 47. Re1 Ke6
48. f4 Kf6 49. Re2 Ra1+ 50. Kf2 Rh1 51. g3 Ra1 52. Re3 Ke6 53. Rb3 Ke7 54. Ke3
Rd1 55. Rb7+ Kf6 56. e5+ Ke6 57. Rb6+ Ke7 58. Rf6 Re1+ 59. Kf2 Re4 60. Kf3 Re1
61. Kf2 Re4 62. g4 hxg4 63. Kg3 Re1 64. Kxg4 Rg1+ 65. Kf3 Rh1 66. Kg3 1/2-1/2

[Event "DRUZYNOWE MISTRZOSTWA POLSKI - II LIGA 2018"]
[Site "Jastrzebia Gora"]
[Date "1899-12-30"]
[Round "3.69"]
[White "Walkusz, Witoslaw"]
[Black "Konieczynski, Piotr"]
[Result "1-0"]
[WhiteTitle "FM"]
[BlackTitle "I++"]
[WhiteElo "2128"]
[BlackElo "1884"]

1. e4 c6 2. d4 d5 3. Nd2 dxe4 4. Nxe4 Bf5 5. Ng3 Bg6 6. N1e2 e6 7. Nf4 Bd6 8. c3
Qc7 9. Qf3 Nd7 10. Nxg6 hxg6 11. Ne4 Ngf6 12. h3 Nxe4 13. Qxe4 Nf6 14. Qf3 O-O
15. Be2 c5 16. dxc5 Bxc5 17. O-O Rfd8 18. Bg5 Qe5 19. Bf4 Qe4 20. Qxe4 Nxe4 21.
Bf3 g5 22. Bxe4 gxf4 23. b4 Be7 24. Rfd1 Bf6 25. Bxb7 Rxd1+ 26. Rxd1 Rb8 27. Rd7
Bxc3 28. b5 Ba5 29. Bc6 Bb6 30. Kf1 Kf8 31. Ke2 Rd8 32. Rxd8+ Bxd8 33. Kd3 Ke7
34. f3 Kf6 35. Ke4 Kg5 36. Be8 f6 37. Bd7 e5 38. a4 Kh4 39. Kf5 Kg3 40. Kg6 Kxg2
41. h4 f5 42. h5 e4 43. fxe4 f3 44. b6 Bxb6 45. Kxf5 Kg3 46. e5 Kh4 47. Kg6 Bd4
48. e6 Bc5 49. a5 f2 50. Bb5 Kg4 51. a6 1-0

[Event "DRUZYNOWE MISTRZOSTWA POLSKI - II LIGA 2018"]
[Site "Jastrzebia Gora"]
[Date "1899-12-30"]
[Round "3.70"]
[White "Paliwoda, Borys"]
[Black "Kubica, Kamil"]
[Result "1/2-1/2"]
[WhiteTitle "I"]
[BlackTitle "k"]
[WhiteElo "1883"]
[BlackElo "2153"]

1. e4 e5 2. Nf3 Nc6 3. Bc4 Bc5 4. c3 Nf6 5. d3 a6 6. Bb3 d6 7. O-O Ba7 8. Re1 O-O
9. Nbd2 Re8 10. Nf1 Be6 11. Ng3 h6 12. Bc2 d5 13. exd5 Bxd5 14. Be3 Bxe3 15. fxe3
e4 16. dxe4 Bxe4 17. Nxe4 Nxe4 18. Bxe4 Rxe4 19. Qxd8+ Rxd8 20. Kf2 Rd3 21. Rac1
Kf8 22. h3 Na5 23. b3 c5 24. Rc2 Nc6 25. Nd2 Re6 26. Nc4 b5 27. Nb2 Rd5 28. Ke2
Rg5 29. Kf1 Rg3 30. Nd3 Rg5 31. c4 Nb4 32. Nxb4 cxb4 33. cxb5 Rxb5 34. Rc8+ Ke7
35. Rc7+ Kf8 36. Rc8+ Ke7 37. Rc7+ Kf6 38. Ke2 Kg6 39. Rf1 f5 40. Rf3 Kf6 41.
g4 g6 42. gxf5 gxf5 1/2-1/2

[Event "DRUZYNOWE MISTRZOSTWA POLSKI - II LIGA 2018"]
[Site "Jastrzebia Gora"]
[Date "1899-12-30"]
[Round "3.71"]
[White "Rawski, Slawomir"]
[Black "Katafiasz, Tomasz"]
[Result "0-1"]
[WhiteTitle "FM"]
[BlackTitle "I+"]
[WhiteElo "2126"]
[BlackElo "1919"]

1. d4 Nf6 2. c4 g6 3. Nc3 d5 4. cxd5 Nxd5 5. Na4 Bg7 6. e4 Nf6 7. Nc3 O-O 8. Nf3
c5 9. d5 e6 10. Be2 exd5 11. exd5 a6 12. a4 Qd6 13. O-O Bf5 14. Qb3 Ne4 15. Qxb7
Nxc3 16. bxc3 Nd7 17. Ra3 Rfe8 18. Re1 Be4 19. c4 Rab8 20. Bf4 Qxf4 21. Qxd7 Bxf3
22. Rxf3 Rxe2 23. Rf1 Qe5 24. Rxf7 Rf8 25. Rxf8+ Bxf8 26. g3 Qd4 27. Qc8 Qxc4
28. d6 Qd4 29. Qxa6 Rd2 30. Qb5 Qxd6 31. a5 Qd5 32. a6 Ra2 33. h4 Qf7 34. Qc6
c4 35. h5 gxh5 36. Qb5 h6 37. Qc6 c3 38. Qxc3 Rxa6 39. Qd4 Rd6 40. Qe4 Rf6 41.
Kg2 Bc5 42. Qe2 Qd5+ 43. Kh3 Qf5+ 44. Kg2 Kg7 45. f4 Re6 46. Qb2+ Kg6 47. Rc1
Qe4+ 48. Kh3 Bd4 49. Qc2 Qxc2 50. Rxc2 Re1 51. Rc6+ Bf6 52. Ra6 Rb1 53. Ra3 Rb5
54. Ra6 Kf5 55. Rc6 Rb3 56. Rc5+ Kg6 57. Rc6 h4 58. Rc2 Rxg3+ 59. Kh2 Rf3 60.
Rc4 Kf5 61. Kg2 Rb3 62. Kh2 Kg4 63. f5+ Kxf5 64. Rc1 Be5+ 65. Kh1 Rb2 66. Rf1+
Kg4 67. Rg1+ Kh3 68. Rd1 Rh2+ 69. Kg1 Bg3 70. Rf1 Rd2 71. Rb1 Rc2 72. Ra1 Be5
73. Rd1 Ra2 74. Rd3+ Bg3 75. Rd1 Rb2 76. Ra1 Rc2 77. Rd1 h5 78. Rb1 Bf2+ 79. Kh1
Be3 80. Rf1 Bf2 81. Rb1 Bg3 82. Rf1 0-1

[Event "DRUZYNOWE MISTRZOSTWA POLSKI - II LIGA 2018"]
[Site "Jastrzebia Gora"]
[Date "1899-12-30"]
[Round "3.72"]
[White "Weglarz, Joanna"]
[Black "Smarsz, Agata"]
[Result "0-1"]
[WhiteTitle "k"]
[BlackTitle "m"]
[WhiteElo "1942"]
[BlackElo "2109"]

1. d4 d5 2. e3 Nf6 3. Nf3 c6 4. Bd3 e6 5. Nbd2 Be7 6. O-O O-O 7. c3 Nbd7 8. b3
a6 9. a4 Bd6 10. Bb2 e5 11. dxe5 Nxe5 12. Nxe5 Bxe5 13. f4 Bb8 14. e4 Ng4 15.
Qf3 Ba7+ 16. Kh1 Nxh2 17. Qg3 Nxf1 18. Rxf1 Qf6 19. Qh2 Qh6 20. Qxh6 gxh6 21.
Rf3 Bg4 22. Rg3 h5 23. exd5 cxd5 24. Bf1 Rad8 0-1

[Event "DRUZYNOWE MISTRZOSTWA POLSKI - II LIGA 2018"]
[Site "Jastrzebia Gora"]
[Date "1899-12-30"]
[Round "3.73"]
[White "Szmyd, Arkadiusz"]
[Black "Grela, Kacper"]
[Result "0-1"]
[WhiteTitle "k"]
[BlackTitle "FM"]
[WhiteElo "2126"]
[BlackElo "2284"]

1. e4 c5 2. Nf3 Nc6 3. Nc3 d6 4. d4 cxd4 5. Nxd4 Nf6 6. Bg5 e6 7. Bb5 Bd7 8. O-O
Be7 9. Nxc6 bxc6 10. Be2 Qc7 11. Qd2 O-O 12. Rad1 d5 13. Qe3 h6 14. Bh4 Rfd8 15.
Bg3 Qb7 16. e5 Ne8 17. b3 c5 18. Qf4 a5 19. Bh5 g6 20. Bf3 Bg5 21. Qg4 Qb4 22.
Ne2 Qxg4 23. Bxg4 a4 24. f4 Be7 25. c4 axb3 26. axb3 d4 27. Ra1 Bc6 28. Kf2 Rdb8
29. Rxa8 Bxa8 30. Ra1 h5 31. Ra7 Kf8 0-1

[Event "DRUZYNOWE MISTRZOSTWA POLSKI - II LIGA 2018"]
[Site "Jastrzebia Gora"]
[Date "1899-12-30"]
[Round "3.74"]
[White "Komendecki, Jacek"]
[Black "Kaminski, Piotr"]
[Result "1/2-1/2"]
[WhiteTitle "k"]
[BlackTitle "k"]
[WhiteElo "2116"]
[BlackElo "2097"]

1. e4 c6 2. d4 d5 3. exd5 cxd5 4. Bd3 Nc6 5. c3 Qc7 6. Na3 a6 7. Nc2 Nf6 8. h3
g6 9. Ne3 Bg7 10. Nf3 O-O 11. O-O b5 12. b3 Rd8 13. Bb2 Nh5 14. Re1 e5 15. dxe5
Nxe5 16. Nxe5 Bxe5 17. Rc1 Nf4 18. Bf1 Qd6 19. Qf3 Qf6 20. Ng4 Bxg4 21. hxg4 Rac8
22. Ba1 Rc7 23. g3 Nh3+ 24. Kg2 Qxf3+ 25. Kxf3 Ng5+ 26. Kg2 Bg7 27. f3 Rdc8 28.
Rcd1 Bxc3 29. Bxc3 Rxc3 30. Rxd5 Rc2+ 31. Re2 Rxe2+ 32. Bxe2 Rc2 33. Kf1 h6 34.
a4 Rc3 35. axb5 axb5 36. Rxb5 1/2-1/2

[Event "DRUZYNOWE MISTRZOSTWA POLSKI - II LIGA 2018"]
[Site "Jastrzebia Gora"]
[Date "1899-12-30"]
[Round "3.75"]
[White "Knopik, Krzysztof"]
[Black "Kowalak, Piotr"]
[Result "1-0"]
[WhiteTitle "k"]
[BlackTitle "k"]
[WhiteElo "2078"]
[BlackElo "2110"]

1. Nf3 c5 2. c4 Nc6 3. g3 e5 4. d3 g6 5. Bg2 Bg7 6. O-O Nge7 7. Nc3 O-O 8. Rb1
d6 9. a3 a5 10. Ne1 Be6 11. Nc2 d5 12. cxd5 Nxd5 13. Bd2 Rb8 14. Nxd5 Bxd5 15.
Bxd5 Qxd5 16. b4 b5 17. Be3 cxb4 18. axb4 a4 19. Bc5 Rfd8 20. Qc1 Qe6 21. Qb2
h5 22. Rfd1 h4 23. e4 Qg4 24. Ne1 hxg3 25. hxg3 Bf6 26. Kg2 Kg7 27. Nf3 Rh8 28.
Rh1 Rxh1 29. Rxh1 Rh8 30. Rxh8 Kxh8 31. Qc1 Kg7 32. Bf8+ Kxf8 33. Qxc6 Qe6 34.
Qxb5 Qb3 35. Qa6 Kg7 36. b5 a3 37. b6 a2 38. b7 Qxb7 39. Qxb7 a1=Q 40. Qd5 Qc3
41. Qc4 Qb2 42. Qd5 Qc3 43. Nh2 Qc8 44. Nf1 Qd8 45. Qb5 Qd4 46. Ne3 Be7 47. Qd5
Qxd5 48. Nxd5 Bc5 49. f4 f6 50. Kf3 Kf7 51. g4 Bd4 52. f5 Bb2 53. Ke2 Bd4 54.
Kd2 1-0

[Event "DRUZYNOWE MISTRZOSTWA POLSKI - II LIGA 2018"]
[Site "Jastrzebia Gora"]
[Date "1899-12-30"]
[Round "3.76"]
[White "Madera, Mateusz"]
[Black "Boruta, Dawid"]
[Result "1-0"]
[WhiteTitle "I+"]
[BlackTitle "I"]
[WhiteElo "1937"]
[BlackElo "1854"]

1. e4 c6 2. d4 d5 3. exd5 cxd5 4. Bd3 Nc6 5. c3 Qc7 6. Ne2 Bg4 7. O-O Bxe2 8. Qxe2
e6 9. f4 Bd6 10. Qg4 f5 11. Qe2 Kf7 12. Nd2 Nf6 13. Nf3 Ne4 14. Ne5+ Bxe5 15.
fxe5 Kg8 16. Be3 Na5 17. Kh1 Nc4 18. Bxe4 Nxe3 19. Qxe3 dxe4 20. Kg1 g6 21. b3
Kg7 22. c4 h6 23. Qc3 Kh7 24. Rac1 Rac8 25. Qb2 Qb6 26. Kh1 Rhd8 27. Rfd1 Qa5
28. Rf1 Rc7 29. Rcd1 Qb6 30. d5 Rxc4 31. dxe6 Re8 32. Rd7+ Kg8 33. Qd2 e3 34.
Qd5 Rc5 35. Rg7+ Kxg7 36. Qd7+ Kh8 37. Qxe8+ Kh7 38. Qf7+ Kh8 39. e7 Rxe5 40.
e8=Q+ Rxe8 41. Qxe8+ Kg7 42. Qe7+ Kg8 43. Rd1 1-0

[Event "DRUZYNOWE MISTRZOSTWA POLSKI - II LIGA 2018"]
[Site "Jastrzebia Gora"]
[Date "1899-12-30"]
[Round "3.77"]
[White "Mandla, Maciej"]
[Black "Krawiec, Grzegorz"]
[Result "0-1"]
[WhiteTitle "II"]
[BlackTitle "I"]
[WhiteElo "1580"]
[BlackElo "1779"]

1. e4 c5 2. Nf3 Nc6 3. d4 cxd4 4. Nxd4 e5 5. Nxc6 bxc6 6. c4 Nf6 7. Nc3 Rb8 8.
Bd3 Bc5 9. O-O O-O 10. Rb1 a5 11. Bd2 Ba6 12. Qc2 h6 13. a3 Qc7 14. h3 Rfd8 15.
Kh1 d5 16. exd5 cxd5 17. cxd5 Bb7 18. Rbc1 Bd4 19. Qa4 Qb6 20. Nb5 Ba6 21. Bxa5
Bxb5 22. Bxb6 Bxa4 23. Bxd8 Rxd8 24. Rc4 Bb3 25. Rb4 Bxd5 26. f3 Be3 27. Bc4 Bxc4
28. Rxc4 Rd2 29. Rb1 Nh5 30. b4 Nf4 31. b5 Nxg2 32. b6 Bxb6 33. Rxb6 Ne1 34. Rc3
Nc2 35. a4 Nd4 36. a5 Ra2 37. a6 Kh7 38. Rd3 f6 39. Kg1 Kg6 40. Kf1 Kf5 41. Rc3
Kf4 42. Ke1 Nxf3+ 43. Kd1 e4 44. Rbb3 Ra1+ 45. Rc1 Rxa6 46. Rb7 Rd6+ 47. Ke2 Rd2+
48. Kf1 g5 49. Rh7 Kg3 0-1

[Event "DRUZYNOWE MISTRZOSTWA POLSKI - II LIGA 2018"]
[Site "Jastrzebia Gora"]
[Date "1899-12-30"]
[Round "3.78"]
[White "Karykowska, Anna"]
[Black "Gonsior, Monika"]
[Result "1/2-1/2"]
[WhiteTitle "k"]
[BlackTitle "m"]
[WhiteElo "1836"]
[BlackElo "1993"]

1. e4 d6 2. d4 g6 3. Nc3 Bg7 4. f4 c5 5. dxc5 Qa5 6. Bd2 Qxc5 7. Bd3 a6 8. Qe2
Nc6 9. Na4 Qa7 10. c3 b5 11. Be3 Qc7 12. Nb6 Rb8 13. Nxc8 Rxc8 14. Nf3 Na5 15.
O-O Nf6 16. a4 Nb3 17. axb5 Nxa1 18. b6 Qb8 19. Bxa6 O-O 20. Bxc8 Rxc8 21. Rxa1
Nxe4 22. Ra7 Bf8 23. Qb5 Nc5 24. b7 Rc7 25. Ra8 Qxb7 26. Qe8 Nd7 27. Ra7 Qe4 28.
Rxc7 Qxe3+ 29. Kf1 Nf6 30. Qb5 Ng4 31. Qe2 Qc1+ 32. Qe1 Qxf4 33. Kg1 d5 34. Rc8
e5 35. h3 Ne3 36. Qh4 Kg7 37. Qxf4 exf4 38. b4 Nc4 39. b5 Nd6 40. Rb8 Nc4 41.
Nd4 Bc5 42. Kh1 Kf6 43. Nb3 Bd6 44. Rc8 h5 45. Kg1 g5 46. Kf2 g4 47. hxg4 hxg4
48. Ke2 Kf5 49. Nd4+ Ke4 50. Re8+ Be5 51. Nc6 f6 52. Nd4 Ne3 53. b6 Nxg2 54. b7
f3+ 55. Nxf3 Nf4+ 56. Kf2 Nh3+ 57. Kg2 Nf4+ 58. Kg3 gxf3 59. Rxe5+ fxe5 60. b8=Q
Ne2+ 61. Kf2 Nxc3 62. Qb4+ d4 63. Qb7+ Kd3 64. Qxf3+ Kd2 65. Kf1 e4 66. Qf4+ Kd3
67. Ke1 e3 68. Qf5+ Kc4 69. Qe6+ Kd3 70. Qg6+ Kc4 71. Qe6+ 1/2-1/2

[Event "DRUZYNOWE MISTRZOSTWA POLSKI - II LIGA 2018"]
[Site "Jastrzebia Gora"]
[Date "1899-12-30"]
[Round "3.79"]
[White "Maj, Pawel"]
[Black "Krzywda, Andrzej"]
[Result "0-1"]
[WhiteTitle "k"]
[BlackTitle "CM"]
[WhiteElo "2090"]
[BlackElo "2232"]

1. e4 c5 2. c3 Nf6 3. e5 Nd5 4. d4 cxd4 5. Nf3 e6 6. cxd4 d6 7. Bc4 Be7 8. O-O
O-O 9. Qe2 Nc6 10. Qe4 Qc7 11. Na3 a6 12. Bg5 Ndb4 13. exd6 Bxd6 14. Bd2 b5 15.
Ng5 g6 16. Qh4 h5 17. Bb3 Bb7 18. Ne4 Be7 19. Bg5 Qd8 20. Rfd1 Bxg5 21. Nxg5 Qf6
22. Nb1 Rad8 23. a3 Nxd4 24. Nd2 Nxb3 25. Nxb3 Nd3 26. Na5 Bc8 27. b4 Rd4 0-1

[Event "DRUZYNOWE MISTRZOSTWA POLSKI - II LIGA 2018"]
[Site "Jastrzebia Gora"]
[Date "1899-12-30"]
[Round "3.80"]
[White "Szymanski, Piotr"]
[Black "Szwaj, Jacek"]
[Result "1-0"]
[WhiteTitle "CM"]
[BlackTitle "I++"]
[WhiteElo "2242"]
[BlackElo "1978"]

1. d4 d5 2. Nf3 Nf6 3. c4 e6 4. Nc3 Bb4 5. e3 O-O 6. Bd3 c5 7. O-O Nc6 8. a3 Bxc3
9. bxc3 b6 10. cxd5 exd5 11. Ne5 Qc7 12. Nxc6 Qxc6 13. Bd2 Ne4 14. Be1 Bf5 15.
f3 Nd6 16. Bxf5 Nxf5 17. Qd3 Ne7 18. e4 f5 19. exf5 c4 20. Qd2 Nxf5 21. g4 Qg6
22. Kh1 Nd6 23. Bg3 Rae8 24. Be5 Nf7 25. Rae1 Qg5 26. Qxg5 Nxg5 27. Kg2 Nf7 28.
f4 Re7 29. Rb1 g5 30. Rb5 Nxe5 31. dxe5 Rd8 32. Rd1 Kf7 33. Rbxd5 Rxd5 34. Rxd5
gxf4 35. Kf3 Ke6 36. Ke4 Rf7 37. Rd6+ Ke7 38. Rc6 Rf8 39. Kf3 b5 40. Rd6 a5 41.
Rb6 Rd8 42. Rxb5 Rd3+ 43. Kxf4 Rxc3 44. Rxa5 Rb3 45. Rc5 c3 46. Kf5 Rxa3 47. h4
1-0

[Event "DRUZYNOWE MISTRZOSTWA POLSKI - II LIGA 2018"]
[Site "Jastrzebia Gora"]
[Date "1899-12-30"]
[Round "3.81"]
[White "Sielicki, Tomasz"]
[Black "Zgadzaj, Rafal"]
[Result "1-0"]
[WhiteTitle "I++"]
[BlackTitle "k"]
[WhiteElo "1963"]
[BlackElo "2154"]

1. d4 g6 2. c4 Bg7 3. Nc3 c5 4. d5 Bxc3+ 5. bxc3 f5 6. e4 fxe4 7. f3 Nf6 8. fxe4
d6 9. Bd3 Nbd7 10. Nf3 Ne5 11. Nxe5 dxe5 12. O-O O-O 13. Be3 Qd6 14. h3 Bd7 15.
Bh6 Rf7 16. Qd2 Kh8 17. Rf3 Rg8 18. Raf1 Rfg7 19. Bxg7+ Kxg7 20. Qf2 h6 21. a4
a5 22. Rg3 Kh7 23. Rf3 Kg7 24. Rb1 b6 25. Bc2 g5 26. Rf1 Rf8 27. g4 Kh7 28. Kh1
Be8 29. Qg3 Bg6 30. Kh2 Rg8 31. h4 Be8 32. hxg5 Rxg5 33. Rf5 Bd7 34. Rxg5 hxg5
35. Bd1 Kg6 36. Kg2 e6 37. Rh1 exd5 38. exd5 Qe7 39. Qh2 e4 40. Qh6+ Kf7 41. Qxg5
e3 42. Bc2 Qf8 43. Bg6+ Ke7 44. Rh7+ Kd8 45. Rf7 1-0

[Event "DRUZYNOWE MISTRZOSTWA POLSKI - II LIGA 2018"]
[Site "Jastrzebia Gora"]
[Date "1899-12-30"]
[Round "3.82"]
[White "Malecki, Rafal"]
[Black "Liberadzki, Slawomir"]
[Result "1/2-1/2"]
[WhiteTitle "k+"]
[BlackTitle "k"]
[WhiteElo "2030"]
[BlackElo "1955"]

1. Nf3 c5 2. g3 g6 3. Bg2 Bg7 4. O-O Nc6 5. d3 Nf6 6. e4 O-O 7. Nbd2 e5 8. Nc4
Qc7 9. a4 b6 10. Nh4 d6 11. f4 Bg4 12. Qe1 Nd4 13. Rf2 Be6 14. Ne3 exf4 15. gxf4
Ng4 16. Nxg4 Bxg4 17. c3 Nb3 18. Ra3 Nxc1 19. Qxc1 Qe7 20. Nf3 Rae8 21. Nd2 Bh6
22. Nf1 Qh4 23. Qe3 d5 24. a5 dxe4 25. dxe4 Rd8 26. axb6 axb6 27. Qg3 Qxg3 28.
hxg3 Rd1 29. Rb3 Rb8 30. Kh2 Be6 31. Ra3 1/2-1/2

[Event "DRUZYNOWE MISTRZOSTWA POLSKI - II LIGA 2018"]
[Site "Jastrzebia Gora"]
[Date "1899-12-30"]
[Round "3.83"]
[White "Koziol, Pawel"]
[Black "Szajda, Marcin"]
[Result "1/2-1/2"]
[WhiteTitle "I++"]
[BlackTitle "I++"]
[WhiteElo "1880"]
[BlackElo "1995"]

1. Nf3 c5 2. g3 Nc6 3. Bg2 g6 4. O-O Bg7 5. d3 d6 6. e4 e5 7. Nbd2 Nf6 8. c3 O-O
9. a3 a5 10. a4 b6 11. Nc4 Rb8 12. Re1 Qc7 13. Bg5 h6 14. Bd2 Be6 15. Qc2 Rfe8
16. Rad1 d5 17. exd5 Bxd5 18. Ne3 Be6 19. Bc1 Rbd8 20. Nd2 Re7 21. Ndc4 Na7 22.
b3 Red7 23. Ba3 Nc6 24. Bxc6 Qxc6 25. Nxe5 Qb7 26. Nxd7 Rxd7 27. c4 Ng4 28. Qe2
h5 29. Bb2 Nxe3 30. fxe3 Bg4 31. Qf2 Bxb2 32. Qxb2 Bxd1 33. Rxd1 Qf3 34. Qd2 h4
35. Rf1 Qh5 36. Qf2 hxg3 37. hxg3 Qe5 38. Kg2 1/2-1/2

[Event "DRUZYNOWE MISTRZOSTWA POLSKI - II LIGA 2018"]
[Site "Jastrzebia Gora"]
[Date "1899-12-30"]
[Round "3.84"]
[White "Chmiel, Dominika"]
[Black "Baranska, Monika"]
[Result "1-0"]
[WhiteTitle "m"]
[BlackTitle "I++"]
[WhiteElo "2098"]
[BlackElo "1734"]

1. e4 e6 2. d4 d5 3. Nd2 c5 4. c3 cxd4 5. cxd4 dxe4 6. Nxe4 Nc6 7. Nf3 Bb4+ 8.
Nc3 Nf6 9. a3 Be7 10. Be3 Nd5 11. Bd3 h6 12. O-O Bf6 13. Ne4 Be7 14. Rc1 f5 15.
Nc5 O-O 16. b4 Bd6 17. Qe2 Qf6 18. Rfe1 Nce7 19. Bd2 Nc7 20. Ne5 Rd8 21. Nc4 Qxd4
22. Bc3 Qf4 23. Nxd6 Qxd6 24. Be5 Qb6 25. Bxc7 Qxc7 26. Nxe6 Qxc1 27. Rxc1 Rxd3
28. Qxd3 Bxe6 29. Qe3 1-0

[Event "DRUZYNOWE MISTRZOSTWA POLSKI - II LIGA 2018"]
[Site "Jastrzebia Gora"]
[Date "1899-12-30"]
[Round "3.85"]
[White "Gierulski, Kamil"]
[Black "Kumala, Aleksander"]
[Result "1-0"]
[WhiteTitle "k++"]
[BlackTitle "k"]
[WhiteElo "2219"]
[BlackElo "2197"]

1. Nf3 f5 2. d3 Nc6 3. d4 e6 4. d5 exd5 5. Qxd5 Nf6 6. Qxf5 d5 7. Qd3 Bc5 8. Be3
d4 9. Bg5 Be6 10. a3 O-O 11. g3 Qd5 12. Bxf6 Rxf6 13. Nbd2 Ne5 14. Nxe5 Qxh1 15.
Nef3 Rxf3 16. Nxf3 Bh3 17. O-O-O Bxf1 18. Qc4+ Kh8 19. Qxc5 Qg2 20. Qxd4 h6 21.
Nh4 Qh3 22. Ng6+ Kg8 23. Nf4 1-0

[Event "DRUZYNOWE MISTRZOSTWA POLSKI - II LIGA 2018"]
[Site "Jastrzebia Gora"]
[Date "1899-12-30"]
[Round "3.86"]
[White "Kasperek, Ryszard"]
[Black "Miasik, Adrian"]
[Result "1-0"]
[WhiteTitle "m"]
[BlackTitle "I++"]
[WhiteElo "2172"]
[BlackElo "1830"]

1. d4 d5 2. Bf4 e6 3. e3 Bd6 4. Bg3 Nf6 5. Nd2 O-O 6. Bd3 b6 7. Qe2 Bb7 8. Ngf3
c5 9. c3 Qc7 10. Ne5 Nc6 11. f4 g6 12. Bh4 Be7 13. Bxf6 Bxf6 14. h4 Nxe5 15. fxe5
Bg7 16. h5 f6 17. hxg6 h6 18. Nf3 fxe5 19. Nxe5 Bxe5 20. dxe5 Qxe5 21. O-O-O Kg7
22. Rh5 Qg3 23. Rh3 Qd6 24. Qh5 Rh8 25. Rf1 Raf8 26. Rxf8 Qxf8 27. Rf3 1-0

[Event "DRUZYNOWE MISTRZOSTWA POLSKI - II LIGA 2018"]
[Site "Jastrzebia Gora"]
[Date "1899-12-30"]
[Round "3.87"]
[White "Ciasnocha, Michal"]
[Black "Cajbel, Maciej"]
[Result "0-1"]
[WhiteTitle "I"]
[BlackTitle "k"]
[WhiteElo "1741"]
[BlackElo "2187"]

1. d4 Nf6 2. Nf3 c5 3. d5 d6 4. c4 e6 5. Nc3 exd5 6. cxd5 g6 7. e4 Bg7 8. Be2 O-O
9. O-O Re8 10. Nd2 Na6 11. f4 Nc7 12. a4 b6 13. Bf3 Rb8 14. Nc4 Ba6 15. Nxd6 Qxd6
16. e5 Qd8 17. Re1 Nd7 18. Ne4 Nxe5 19. fxe5 Rxe5 20. Nc3 Qh4 21. Be3 Rxe3 22.
Rxe3 Bd4 23. Qd2 Re8 24. Nd1 Qf4 25. Raa3 Nxd5 26. Kf2 Nxe3 27. Nxe3 Bb7 0-1